[Event "BCF-chT3S 1112 (4NCL)"]
[Site "England"]
[Date "2012.02.11"]
[Round "5.5"]
[White "Dodwell, Philip"]
[Black "Hart, David PO"]
[Result "1/2-1/2"]
[WhiteElo "1924"]
[BlackElo "2008"]
[PlyCount "63"]
[EventDate "2011.11.12"]
[EventType "team-swiss"]
[EventRounds "6"]
[EventCountry "ENG"]
[SourceTitle "EXT 2013"]
[Source "ChessBase"]
[SourceDate "2012.11.22"]
[SourceVersion "1"]
[SourceVersionDate "2012.11.22"]
[SourceQuality "1"]
[WhiteTeam "Gloucestershire Gambits"]
[BlackTeam "AMCA Rhinos"]
[WhiteTeamCountry "ENG"]
[BlackTeamCountry "ENG"]

1. e4 c5 2. Nc3 Nc6 3. f4 g6 4. Nf3 Bg7 5. Bb5 Nd4 6. 0-0 a6 7. Bd3 e6 8. e5 Nxf3+ 9. Qxf3 d5 10. exd6 Qxd6 11. Ne4 Qc7 12. c3 Ne7 13. Bc2 0-0 14. d3 b6 15. Be3 Bb7 16. Qf2 Nf5 17. Bd2 Rad8 18. Rad1 Rd7 19. Bc1 Rfd8 20. Rfe1 Qc6 21. Ng5 Nh4 22. Re2 Nf5 23. Qe1 Rd6 24. Ne4 Rd5 25. Ng5 R5d6 26. Ne4 R6d7 27. Ng5 h6 28. Nf3 Qc7 29. Ne5 Rd6 30. Nc4 Rd5 31. Ne5 Ne7 32. Nf3 1/2-1/2

[Event "BCF-chT2 1011 (4NCL)"]
[Site "England"]
[Date "2011.05.01"]
[Round "10.68"]
[White "Wilson, Julie Christine"]
[Black "Hart, David PO"]
[Result "0-1"]
[WhiteElo "1898"]
[BlackElo "2018"]
[PlyCount "88"]
[EventDate "2010.11.06"]
[EventType "team-swiss"]
[EventRounds "11"]
[EventCountry "ENG"]
[SourceTitle "EXT 2012"]
[Source "ChessBase"]
[SourceDate "2011.11.24"]
[SourceVersion "1"]
[SourceVersionDate "2011.11.24"]
[SourceQuality "1"]
[WhiteTeam "South Wales Dragons"]
[BlackTeam "AMCA Dragons"]
[WhiteTeamCountry "ENG"]
[BlackTeamCountry "ENG"]

1. d4 Nf6 2. c4 e6 3. Nf3 b6 4. Bf4 Bb7 5. e3 Be7 6. h3 0-0 7. Nc3 c5 8. d5 exd5 9. cxd5 d6 10. Bd3 Na6 11. e4 Nc7 12. 0-0 b5 13. Re1 a6 14. Ne2 Nh5 15. Bh2 f5 16. exf5 Bxd5 17. Nc3 Bf7 18. Be4 Ra7 19. Nd5 Ne8 20. Qd2 Nhf6 21. Nxe7+ Rxe7 22. Bc2 d5 23. Ne5 Nd6 24. Rad1 Rfe8 25. Nxf7 Kxf7 26. Bf4 Nde4 27. Bxe4 Rxe4 28. Bg5 Rxe1+ 29. Rxe1 Rxe1+ 30. Qxe1 Qe7 31. Qxe7+ Kxe7 32. f3 h6 33. Bf4 d4 34. Kf2 d3 35. Bd2 Nd5 36. f4 c4 37. a3 Kd6 38. Kf3 Nf6 39. g4 Kd5 40. Ke3 Ne4 41. h4 Nxd2 42. Kxd2 Ke4 43. g5 Kxf5 44. Ke3 h5 0-1

[Event "BCF-ch rapidplay"]
[Site "Halifax"]
[Date "2010.11.21"]
[Round "10"]
[White "Hart, David PO"]
[Black "Palliser, Richard"]
[Result "0-1"]
[WhiteElo "2018"]
[BlackElo "2445"]
[PlyCount "75"]
[EventDate "2010.11.20"]
[EventType "swiss (rapid)"]
[EventRounds "11"]
[EventCountry "ENG"]
[SourceTitle "EXT 2011"]
[Source "ChessBase"]
[SourceDate "2010.11.26"]
[SourceVersion "1"]
[SourceVersionDate "2010.11.26"]
[SourceQuality "1"]

1. e4 c5 2. Nf3 d6 3. d4 cxd4 4. Nxd4 Nf6 5. Nc3 a6 6. Be3 Ng4 7. Bg5 h6 8. Bh4 g5 9. Bg3 Bg7 10. Qd2 Nc6 11. Nb3 Be6 12. 0-0-0 Rc8 13. Nd5 a5 14. Bb5 0-0 15. Kb1 Nf6 16. Nxf6+ Bxf6 17. h4 g4 18. Qxh6 Qb6 19. c4 Na7 20. Rxd6 Qxd6 21. Bxd6 Bg7 22. Qg5 exd6 23. h5 Kh7 24. f4 gxf3 25. gxf3 Nxb5 26. cxb5 a4 27. Nc1 Rc5 28. Qd2 Rxb5 29. Nd3 Bxb2 30. Nxb2 a3 31. Qd3 Rxb2+ 32. Kc1 Rc8+ 33. Kd1 Bxa2 34. e5+ Kh8 35. Qe3 Bb3+ 36. Ke1 Rb1+ 37. Kf2 Rxh1 38. Qxb3 0-1

[Event "BCF-ch rapidplay"]
[Site "Halifax"]
[Date "2010.11.21"]
[Round "8"]
[White "Shaw, Peter"]
[Black "Hart, David PO"]
[Result "0-1"]
[WhiteElo "2166"]
[BlackElo "2018"]
[PlyCount "86"]
[EventDate "2010.11.20"]
[EventType "swiss (rapid)"]
[EventRounds "11"]
[EventCountry "ENG"]
[SourceTitle "EXT 2011"]
[Source "ChessBase"]
[SourceDate "2010.11.26"]
[SourceVersion "1"]
[SourceVersionDate "2010.11.26"]
[SourceQuality "1"]

1. d4 Nf6 2. c4 e6 3. Nc3 Bb4 4. Qc2 d5 5. a3 Bxc3+ 6. Qxc3 dxc4 7. Qxc4 b6 8. Nf3 Ba6 9. Qc2 0-0 10. g3 Nbd7 11. Bg2 c5 12. 0-0 Rc8 13. Re1 cxd4 14. Qd1 e5 15. b4 Qc7 16. Qa4 Bb7 17. Bg5 Ne4 18. Rac1 Nc3 19. Qb3 Bd5 20. Qb2 Qb7 21. Bd2 Nxe2+ 22. Rxe2 Bxf3 23. Bxf3 Qxf3 24. Ree1 b5 25. Rxc8 Rxc8 26. Rc1 Qb7 27. Rxc8+ Qxc8 28. f4 f6 29. fxe5 fxe5 30. Qb1 Qc6 31. Qf5 Qd5 32. Bg5 Nb6 33. Be7 Nd7 34. Kf2 Qf7 35. Qxf7+ Kxf7 36. Bg5 Ke6 37. Kf3 Kd5 38. g4 Nb6 39. h4 Nc4 40. Bc1 e4+ 41. Kf4 e3 42. Kf3 Ke5 43. h5 h6 0-1

[Event "BCF-ch rapidplay"]
[Site "Halifax"]
[Date "2010.11.20"]
[Round "6"]
[White "Kostic, Misa"]
[Black "Hart, David PO"]
[Result "1/2-1/2"]
[WhiteElo "2246"]
[BlackElo "2018"]
[PlyCount "137"]
[EventDate "2010.11.20"]
[EventType "swiss (rapid)"]
[EventRounds "11"]
[EventCountry "ENG"]
[SourceTitle "EXT 2011"]
[Source "ChessBase"]
[SourceDate "2010.11.26"]
[SourceVersion "1"]
[SourceVersionDate "2010.11.26"]
[SourceQuality "1"]

1. e4 c5 2. Nf3 d6 3. d4 cxd4 4. Nxd4 Nf6 5. Nc3 Nc6 6. Bc4 Qb6 7. Nb3 e6 8. 0-0 a6 9. a4 Be7 10. Qe2 Ne5 11. a5 Qc7 12. Bd3 Nxd3 13. cxd3 b5 14. Be3 0-0 15. Rfc1 Qb7 16. Rc2 Bd7 17. Rac1 Rac8 18. Bb6 e5 19. Nd1 Rxc2 20. Rxc2 Rc8 21. Rxc8+ Qxc8 22. d4 exd4 23. Nxd4 Qc1 24. f3 Be6 25. Qc2 Qxc2 26. Nxc2 Nd7 27. Nb4 d5 28. exd5 Bxb4 29. dxe6 fxe6 30. Kf1 Ne5 31. Nf2 Nc6 32. Nd3 Bxa5 33. Bxa5 Nxa5 34. Nc5 Nc4 35. b4 a5 36. bxa5 Nxa5 37. Nxe6 Nc6 38. Ke2 Kf7 39. Nc5 Kf6 40. Kd3 Ke5 41. g3 Kd5 42. Ne4 Ne5+ 43. Ke3 b4 44. h3 b3 45. f4 Nc4+ 46. Kd3 b2 47. Nc3+ Kc5 48. Kc2 Kd4 49. g4 Ke3 50. f5 Kf3 51. g5 Ne3+ 52. Kxb2 Nxf5 53. Kc2 Kg3 54. Kd3 Kxh3 55. Ke4 Kg4 56. Ke5 Kxg5 57. Ne4+ Kg6 58. Kf4 h5 59. Nc5 Nd6 60. Nd7 Nf7 61. Nf8+ Kf6 62. Nd7+ Ke7 63. Nc5 g5+ 64. Kf5 h4 65. Ne4 Nd6+ 66. Kxg5 h3 67. Nf2 h2 68. Kg4 Ne4 69. Nh1 1/2-1/2

[Event "BCF-chT2a 0910 (4NCL)"]
[Site "England"]
[Date "2010.02.20"]
[Round "5.6"]
[White "Hart, David PO"]
[Black "Edgell, Ben P"]
[Result "1/2-1/2"]
[WhiteElo "2012"]
[BlackElo "2100"]
[PlyCount "82"]
[EventDate "2009.10.24"]
[EventType "team-tourn"]
[EventRounds "7"]
[EventCountry "ENG"]
[SourceTitle "EXT 2010"]
[Source "ChessBase"]
[SourceDate "2010.11.25"]
[SourceVersion "1"]
[SourceVersionDate "2010.11.25"]
[SourceQuality "1"]
[WhiteTeam "AMCA Dragons"]
[BlackTeam "Sambuca Sharks"]
[WhiteTeamCountry "ENG"]
[BlackTeamCountry "ENG"]

1. e4 e5 2. Nf3 Nc6 3. Bb5 Nf6 4. 0-0 Nxe4 5. d4 Nd6 6. Bxc6 dxc6 7. dxe5 Nf5 8. Qxd8+ Kxd8 9. Nc3 h6 10. h3 a5 11. b3 Bd7 12. Bb2 Kc8 13. Ne2 a4 14. Nf4 Rg8 15. g4 Ne7 16. e6 fxe6 17. Rfe1 Nd5 18. Nxe6 Bb4 19. Nxg7 Bxe1 20. Rxe1 axb3 21. axb3 Ra2 22. Ra1 Rxa1+ 23. Bxa1 c5 24. Nh5 Be8 25. Ng3 Bg6 26. c4 Nf4 27. Kh2 Bc2 28. Nd2 Rd8 29. Nge4 Rd3 30. f3 Ne6 31. Kg3 Bxb3 32. h4 Bd1 33. g5 hxg5 34. h5 Nf8 35. Kg4 Nh7 36. h6 Ba4 37. Kf5 Be8 38. Bf6 Bh5 39. Bxg5 Bxf3 40. Nxc5 Rc3 41. Bf6 Nxf6 1/2-1/2

[Event "BCF-chT2a 0910 (4NCL)"]
[Site "England"]
[Date "2009.10.25"]
[Round "2.7"]
[White "Whitaker, Thomas R"]
[Black "Hart, David PO"]
[Result "0-1"]
[WhiteElo "1954"]
[BlackElo "2012"]
[PlyCount "98"]
[EventDate "2009.10.24"]
[EventType "team-tourn"]
[EventRounds "7"]
[EventCountry "ENG"]
[SourceTitle "EXT 2010"]
[Source "ChessBase"]
[SourceDate "2010.11.25"]
[SourceVersion "1"]
[SourceVersionDate "2010.11.25"]
[SourceQuality "1"]
[WhiteTeam "White Rose II"]
[BlackTeam "AMCA Dragons"]
[WhiteTeamCountry "ENG"]
[BlackTeamCountry "ENG"]

1. e4 c5 2. Nf3 d6 3. d4 cxd4 4. Nxd4 Nf6 5. Nc3 Nc6 6. f3 Nxd4 7. Qxd4 g6 8. Be3 Bg7 9. Bc4 0-0 10. Qd2 Bd7 11. 0-0 Qc7 12. Bb3 b5 13. Bd4 a5 14. Nd5 Nxd5 15. Bxd5 Bxd4+ 16. Qxd4 Rac8 17. c3 e6 18. Bb3 a4 19. Bd1 a3 20. bxa3 Qxc3 21. Qxc3 Rxc3 22. Bb3 Ra8 23. Rfd1 Rc6 24. Rac1 Rxc1 25. Rxc1 Kf8 26. Kf2 Rxa3 27. Rc7 Ke7 28. Ke3 Ra6 29. Rc1 Rc6 30. Rd1 Rc5 31. h3 h5 32. Kd4 h4 33. Rf1 g5 34. Re1 b4 35. Bc4 e5+ 36. Kd3 Be6 37. Bxe6 Kxe6 38. Rb1 Rc3+ 39. Kd2 Ra3 40. Rb2 d5 41. exd5+ Kxd5 42. Ke2 f5 43. Kd1 Kc4 44. Kd2 e4 45. Ke2 e3 46. Rc2+ Rc3 47. Rb2 f4 48. Ke1 Rc1+ 49. Ke2 Rg1 0-1

[Event "BCF-chT3 0809 (4NCL)"]
[Site "Hinckley Island"]
[Date "2009.05.04"]
[Round "11.5"]
[White "Matthews, Adrian MS"]
[Black "Hart, David PO"]
[Result "1/2-1/2"]
[WhiteElo "1926"]
[BlackElo "2029"]
[PlyCount "54"]
[EventDate "2008.10.18"]
[EventType "team-swiss"]
[EventRounds "11"]
[EventCountry "ENG"]
[SourceTitle "EXT 2010"]
[Source "ChessBase"]
[SourceDate "2010.11.25"]
[SourceVersion "1"]
[SourceVersionDate "2010.11.25"]
[SourceQuality "1"]
[WhiteTeam "FCA Solutions II"]
[BlackTeam "AMCA Dragons"]
[WhiteTeamCountry "ENG"]
[BlackTeamCountry "ENG"]

1. e4 c5 2. c3 d5 3. exd5 Qxd5 4. d4 Nf6 5. Nf3 Bg4 6. Nbd2 e6 7. Qa4+ Nbd7 8. Bc4 Qd6 9. 0-0 cxd4 10. Nxd4 Be7 11. Bd3 0-0 12. Nc4 Qb8 13. Qc2 Nc5 14. Be2 Bxe2 15. Qxe2 Nd5 16. g3 Bf6 17. Ne3 Bxd4 18. cxd4 Nxe3 19. Bxe3 Nd7 20. Rac1 Nb6 21. Bf4 Qd8 22. Bc7 Qd5 23. Bxb6 axb6 24. Qc4 Qxc4 25. Rxc4 Rxa2 26. Rb4 Ra6 27. Rc1 g6 1/2-1/2

[Event "BCF-ch Major 92nd"]
[Site "Douglas"]
[Date "2005.08.10"]
[Round "9"]
[White "Hart, David PO"]
[Black "Ward, William2222"]
[Result "1-0"]
[WhiteElo "2011"]
[BlackElo "1970"]
[PlyCount "67"]
[EventDate "2005.08.01"]
[EventType "swiss"]
[EventRounds "11"]
[EventCountry "ENG"]
[SourceTitle "EXT 2006"]
[Source "ChessBase"]
[SourceDate "2005.11.24"]
[SourceVersion "1"]
[SourceVersionDate "2005.11.24"]
[SourceQuality "1"]

1. e4 e5 2. Nf3 Nf6 3. Nxe5 d6 4. Nf3 Nxe4 5. d4 d5 6. Bd3 Nc6 7. 0-0 Be7 8. c4 Bf5 9. Re1 0-0 10. cxd5 Qxd5 11. Nc3 Nxc3 12. bxc3 Bxd3 13. Qxd3 Bf6 14. Bf4 Qa5 15. Nd2 Rae8 16. Ne4 Be7 17. Qg3 Qf5 18. Bxc7 Ba3 19. f3 Re6 20. Rab1 Rg6 21. Qf2 b6 22. Re2 Qd7 23. Bf4 Qf5 24. Bg3 Qd7 25. Rbe1 Ne7 26. Nd2 Nf5 27. Nc4 Nxg3 28. hxg3 Bd6 29. Ne5 Bxe5 30. Rxe5 Qc6 31. Qe3 Rxg3 32. Re8 h6 33. Rxf8+ Kxf8 34. Qe5 1-0

[Event "Specsavers YM 14th"]
[Site "Millfield"]
[Date "2004.07.24"]
[Round "9"]
[White "Longson, Sarah N"]
[Black "Hart, David PO"]
[Result "1-0"]
[WhiteElo "1880"]
[BlackElo "2065"]
[PlyCount "41"]
[EventDate "2004.07.19"]
[EventType "swiss"]
[EventRounds "10"]
[EventCountry "ENG"]
[SourceTitle "CBM 101 Extra"]
[Source "ChessBase"]
[SourceDate "2004.09.01"]
[SourceVersion "2"]
[SourceVersionDate "2004.09.01"]
[SourceQuality "1"]

1. e4 e5 2. Bc4 Nf6 3. d3 c6 4. Nf3 d5 5. Bb3 Bd6 6. 0-0 0-0 7. Bg5 Be6 8. exd5 cxd5 9. Nc3 Qa5 10. Bxf6 gxf6 11. Nh4 Rd8 12. Qf3 Be7 13. Nf5 Bf8 14. Kh1 Nc6 15. Qh5 Ne7 16. Nh6+ Kg7 17. f4 Ng8 18. Ng4 d4 19. Ne4 f5 20. Bxe6 fxe6 21. Ng5 1-0

[Event "Specsavers YM 14th"]
[Site "Millfield"]
[Date "2004.07.23"]
[Round "7"]
[White "Roberson, Peter T"]
[Black "Hart, David PO"]
[Result "1-0"]
[WhiteElo "2111"]
[BlackElo "2065"]
[PlyCount "39"]
[EventDate "2004.07.19"]
[EventType "swiss"]
[EventRounds "10"]
[EventCountry "ENG"]
[SourceTitle "CBM 101 Extra"]
[Source "ChessBase"]
[SourceDate "2004.09.01"]
[SourceVersion "2"]
[SourceVersionDate "2004.09.01"]
[SourceQuality "1"]

1. e4 e5 2. Nf3 Nc6 3. Bb5 Nf6 4. 0-0 Nxe4 5. d4 a6 6. Ba4 b5 7. Bb3 d5 8. dxe5 Be6 9. Nbd2 Nc5 10. c3 Be7 11. Bc2 Bg4 12. Qe1 0-0 13. Nd4 Qd7 14. f4 Ne6 15. Nxc6 Qxc6 16. h3 Bc5+ 17. Kh2 g5 18. Qg3 f5 19. fxg5 Nxg5 20. Nb3 1-0

[Event "Specsavers YM 14th"]
[Site "Millfield"]
[Date "2004.07.22"]
[Round "6"]
[White "Hart, David PO"]
[Black "Pym, Thomas TW"]
[Result "1-0"]
[WhiteElo "2065"]
[BlackElo "2059"]
[PlyCount "49"]
[EventDate "2004.07.19"]
[EventType "swiss"]
[EventRounds "10"]
[EventCountry "ENG"]
[SourceTitle "CBM 101 Extra"]
[Source "ChessBase"]
[SourceDate "2004.09.01"]
[SourceVersion "2"]
[SourceVersionDate "2004.09.01"]
[SourceQuality "1"]

1. e4 c5 2. Nf3 d6 3. d4 cxd4 4. Nxd4 Nf6 5. Nc3 g6 6. Be3 Bg7 7. f3 0-0 8. Qd2 Nc6 9. Bc4 Ne5 10. Bb3 Bd7 11. 0-0-0 Qa5 12. h4 Rfc8 13. g4 Nc4 14. Bxc4 Rxc4 15. h5 Rac8 16. hxg6 fxg6 17. Nb3 Qa6 18. e5 Ne8 19. Qh2 Rxc3 20. Qxh7+ Kf7 21. bxc3 Qxa2 22. Rh6 Rxc3 23. Qxg6+ Kf8 24. Rdh1 e6 25. Rh8+ 1-0